LEADER 01583nam0 2200301 450 001 000034933 005 20221128094139.0 100 $a20221125d1896----km-y0itay50------ba 101 0 $aita 102 $aIT 105 $ay-------001yy 200 1 $a<>Giappone moderno$eviaggio di Giovanni De Riseis$eillustrato da 192 incisioni 210 $aMilano$cFratelli Treves Editori$d1896 215 $a551 p.$cill.$d26 cm 316 $aLegatura in quarto di pelle su piatti di cartone rigido ricoperti di c. dec.; dorso con A., tit. e filetti impressi in oro; ivi, inoltre, etichette con antiche segnature$5UNIPARTHENOPE 317 $aSulla controguardia ant. antiche segnature mss.: 187 i 2 [n.i.] I B II 6 [n.i.] Clas X 449 Ingres 3779 del Registro inventario della Regia Marina Biblioteca dipartimentale di Napoli; Timbro A della Reale Biblioteca di Marina$5UNIPARTHENOPE 327 1 $aDigitalizzazione della copia presso la University of California, a cura di Google:$uhttps://books.google.it/books?id=1TlCAQAAMAAJ&printsec=frontcover&hl=it&source=gbs_ge_summary_r&cad=0#v=onepage&q&f=false 410 0$12001 500 10$a<>Giappone moderno$91036057 610 1 $aViaggi$aGiappone$aAsia 676 $a915.043$v22$9Geografia. Asia Oriente Estremo Oriente. Viaggi. 1480-1905 700 1$aDe Riseis,$bGiovanni$0568022 712 02$aDue Sicilie: Ministero della guerra e della marina$4390 801 0$aIT$bUNIPARTHENOPE$c20221125$gREICAT$2UNIMARC 912 $a000034933 951 $aBORB-N/94$b3771$cFB$d2022 996 $aGiappone moderno$91036057 997 $aUNIPARTHENOPE LEADER 03184nam 22006255 450 001 9910337659103321 005 20251116203800.0 010 $a3-319-95037-1 024 7 $a10.1007/978-3-319-95037-2 035 $a(CKB)4100000007003183 035 $a(MiAaPQ)EBC5553477 035 $a(DE-He213)978-3-319-95037-2 035 $a(PPN)231462433 035 $a(EXLCZ)994100000007003183 100 $a20181012d2019 u| 0 101 0 $aeng 135 $aurcnu|||||||| 181 $ctxt$2rdacontent 182 $cc$2rdamedia 183 $acr$2rdacarrier 200 10$aInternet of Things for Smart Cities $eTechnologies, Big Data and Security /$fby Waleed Ejaz, Alagan Anpalagan 205 $a1st ed. 2019. 210 1$aCham :$cSpringer International Publishing :$cImprint: Springer,$d2019. 215 $a1 online resource (xvi, 76 pages) 225 1 $aSpringerBriefs in Electrical and Computer Engineering,$x2191-8112 311 08$a3-319-95036-3 320 $aIncludes bibliographical references (p. 57-61) and index 327 $aChapter 1.Internet of Things for Smart Cities: Overview and Key Challenges -- Chapter 2.Communication Technologies and Protocols for Internet of Things -- Chapter 3.Big Data in IoT: Processing, Storage, and Analytics -- Chapter 4.Internet of Things enabled Electric Vehicles in Smart Cities -- Chapter 5.Blockchain Technology for Security and Privacy in Internet of Things. 330 $aThis book introduces the concept of smart city as the potential solution to the challenges created by urbanization. The Internet of Things (IoT) offers novel features with minimum human intervention in smart cities. This book describes different components of Internet of Things (IoT) for smart cities including sensor technologies, communication technologies, big data analytics and security. 410 0$aSpringerBriefs in Electrical and Computer Engineering,$x2191-8112 606 $aElectronic circuits 606 $aSignal processing 606 $aImage processing 606 $aSpeech processing systems 606 $aElectrical engineering 606 $aCircuits and Systems$3https://scigraph.springernature.com/ontologies/product-market-codes/T24068 606 $aSignal, Image and Speech Processing$3https://scigraph.springernature.com/ontologies/product-market-codes/T24051 606 $aCommunications Engineering, Networks$3https://scigraph.springernature.com/ontologies/product-market-codes/T24035 615 0$aElectronic circuits. 615 0$aSignal processing. 615 0$aImage processing. 615 0$aSpeech processing systems. 615 0$aElectrical engineering. 615 14$aCircuits and Systems. 615 24$aSignal, Image and Speech Processing. 615 24$aCommunications Engineering, Networks. 676 $a006.754 686 $a32.20.24$2EP-CLASS 686 $a28.28.04$2EP-CLASS 700 $aEjaz$b Waleed$4aut$4http://id.loc.gov/vocabulary/relators/aut$0897269 702 $aAnpalagan$b Alagan$4aut$4http://id.loc.gov/vocabulary/relators/aut 906 $aBOOK 912 $a9910337659103321 996 $aInternet of Things for Smart Cities$92004601 997 $aUNINA